000 00483cam a22002051 4500
001 sa 64003312
003 DLC
005 20260227112016.0
008 890802s1962 ii 000 0 malo
010 _asa 64003312
035 _a(OCoLC)20114618
040 _aDLC
_cWaU
_dDLC
042 _apremarc
050 0 0 _aPL4718.9.M6
_bT4
100 0 _aMoidu Padiyath,
_d1931-
245 1 0 _aTēṅṅalukaḷ.
260 _c[1962]
300 _a105 p.
_c18 cm.
500 _aIn Malayalam.
999 _c57845
_d57845